000 00839nam a2200217Ii 4500
003 JO-AjNU
008 230605s9999||||xx |||||||||||||| ||und||
020 _a978-1-56564-601-8
040 _aJO-AjNU
_bara
_erda
_cJO-AjNU
041 _aara
050 1 4 _aBP173.757.A2363 2012
100 3 _aعبد الله، مها رياض عمر,
_eauthor
_952363
245 0 0 _aصندوق النقد الدولي تقدير إقتصادي إسلامي
250 _aط1
264 3 1 _aفيرجينيا: المعهد العالمي للفكر الاسلامي، 2012
300 _a304ص
_bببلوغرافيا ص277-304
336 _atext
_btxt
_2rdacontent
337 _aunmediated
_bn
_2rdamedia
338 _avolume
_bnc
_2rdacarrier
650 4 _aالاقتصاد الاسلامي- علاقات دولية- صندوق النقد الدولي
_952364
999 _aA23191
_c26759
_d26759